00505 2200193 4500001002100000005001500021035002000036245006400056100002700120250000700147300003000154260003600184082001100220084001700231020001800248600002700266990000900293990000900302INLIS00000000000004120251014083855 a0010-10250000271 aPedoman Budidaya Beternak Kambing /cTim Karya Tani Mandiri0 aTim Karya Tani Mandiri a1. avi + 170 hlm. ;c19,5 cm. aBandung :bNuansa Aulia,c2010. a636.39 a636.39 TIM p a9789790710481 4aTim Karya Tani Mandiri a1652 a1653